00387nam a2200157Ia 450000500170000000800460001703700120006304000200007504100130009508400190010810000180012724500200014526000440016530000090020936500110021820250508152252.0008 250505s9999 xx 000 0 hin d aTextual aFEDLbengcFEDL ahin2eng a901, ANAqFEDL aMulkraj Anand 0aInsan ki kahani aDelhi, IndiabRaj Kamal Prakashanc1956 a178p aINRb3